Las grandes culturas de la humanidad : los imperios clásicos /

Uloženo v:
Podrobná bibliografie
Hlavní autor: Turner, Ralph (autor)
Médium: Kniha
Jazyk:španělština
Edice:(Sección de Obras de Historia)
Témata:
Tagy: Přidat tag
Žádné tagy, Buďte první, kdo vytvoří štítek k tomuto záznamu!

MARC

LEADER 00000nam^a2200000^a^4500
001 000126634
005 20250521000000.0
009 20260310094733.462
037 |a Acervo ITESO - Biblioteca 
041 |a ESP 
082 |a 909.  |b TUR V. 2 
100 |a Turner, Ralph  |e (autor) 
245 1 4 |a Las grandes culturas de la humanidad :  |b los imperios clásicos /  |c R. Turner ; tr. por Francisco A. Delpiane, Ramón Iglesia. 
264 |a México :  |b Fondo de Cultura Económica,  |c 1974 
300 |a p. 565-1306 
336 |a texto  |b txt  |2 rdacontenido 
337 |a sin mediación  |b n  |2 rdamedio 
338 |a volumen  |b nc  |2 rdasoporte 
440 1 |a (Sección de Obras de Historia) 
649 |a XX 
650 |a Roma -  |x Historia 
650 |a Grecia -  |x Historia 
650 |a India -  |x Historia 
650 |a China -  |x Historia 
650 |a Judaísmo 
650 |a Cristianismo 
650 |a Religión 
650 |a Cultura 
650 |a Arte y Sociedad 
910 |a Fondo Salvador Reynoso Reynoso 
920 |a Impresos - Libros 
930 |a Fondos Especiales 
905 |a 112 
901 |a 0800009331  |b IT2  |c ESP  |u 20250521 
902 |a https://opac.biblio.iteso.mx/vufind/Record/000126634